000 00557nam a2200229Ia 4500
003 OSt
005 20220924142442.0
006 a|||||r|||| 00| 0
007 ta
008 220923b |||||||| |||| 00| 0 ben d
024 _a301989
037 _cTextual
040 _aARTS
_cARTS
_bben
041 _2ben
_aben
082 _aY1:45:6, 157J8.5
100 _aGhoshal
_9210721
245 0 _aAparadh vigyan Pt.5.
260 _c1958
650 _aSOCIOLOGY
942 _hY1:45:6, 157J8.5
_cTEXL
_2CC
999 _c450798
_d450798